Unix System Programming / (Record no. 36969)

MARC details
000 -LEADER
fixed length control field 00416nam a22001577a 4500
005 - DATE AND TIME OF LATEST TRANSACTION
control field 20250714095007.0
008 - FIXED-LENGTH DATA ELEMENTS--GENERAL INFORMATION
fixed length control field 250714b |||||||| |||| 00| 0 eng d
082 ## - DEWEY DECIMAL CLASSIFICATION NUMBER
Classification number 005.8
Item number ROB-U
100 ## - MAIN ENTRY--AUTHOR
Author Name Robbins, Kay A.
245 ## - TITLE STATEMENT
Title Unix System Programming /
Statement of responsibility, etc. Kay A.Robbins
260 ## - PUBLICATION, DISTRIBUTION, ETC.
Place of Publication USA:
Name of publisher, distributor, etc. Elsevier;
Date of publication, distribution, etc. 2020.
300 ## - PHYSICAL DESCRIPTION
Pages xiv, p. :
500 ## - GENERAL NOTE
General note include index.
650 ## - SUBJECT ADDED ENTRY--TOPICAL TERM
Subject / Department Programming
300 ## - PHYSICAL DESCRIPTION
-- ill;
-- 24 cm.
952 ## - LOCATION AND ITEM INFORMATION (KOHA)
-- 0
-- 0
Holdings
Lost status Damaged status Collection code Permanent Location Current Location Shelving Location Date acquired Full Call Number Accession No./Barcode Date last seen item type Koha item type
    CS/IT Superior Information Resource Center (SIRC) Superior University- Gold Campus Superior Information Resource Center (SIRC) Superior University- Gold Campus Programming 07/14/2025 005.8 ROB-U 2020 30306 07/14/2025 BOOK BOOK

Powered by Koha